Blood diamond

Danny Archer is an ex-mercenary turned smuggler. Solomon Vandy is a local Mende fisherman. Amid the explosive civil war overtaking 1999 Sierra Leone, these men join together for two dangerous missions: recovering a rare pink diamond of immense value and rescuing the fisherman's son.

Corporate Author: Warner Bros. Pictures
Other Authors: Zwick, Edward
Language:English
Published: Burbank, CA.: Warner Home Video, 2007.
Subjects:
LEADER 01480cam a2200277 7i4500
001 0000098084
005 20121230090000.0
008 121230s2007 caug v eng
090 0 0 |a PN 1995.9 .S87   |b B5 2007 
245 0 0 |a Blood diamond   |c directed by Edward Zwick. 
260 0 0 |a Burbank, CA.:   |b Warner Home Video,   |c 2007. 
300 |a 2 videodiscs (138 min.):   |b sd., col.;   |c 4 3/4 in.. 
505 0 0 |a Disc 1. [Feature film, theatrical trailers] -- Disc 2. Special features 
508 |a Photography, Eduardo Serra ; editor, Steven Rosenblum ; music, James Newton Howard 
511 0 0 |a Leonardo DiCaprio, Djimon Hounsou, Jennifer Connelly, Arnold Vosloo, Jimi Mistry, Michael Sheen 
520 0 0 |a Danny Archer is an ex-mercenary turned smuggler. Solomon Vandy is a local Mende fisherman. Amid the explosive civil war overtaking 1999 Sierra Leone, these men join together for two dangerous missions: recovering a rare pink diamond of immense value and rescuing the fisherman's son. 
538 0 0 |a DVD, region 1; Dolby digital 
590 |a PSNZ 
650 0 0 |a Fishers --   |z Sierra Leone  
650 0 0 |a Smugglers --   |z Sierra Leone  
650 0 0 |a Diamonds --   |z Sierra Leone  
651 0 0 |a Sierra Leone --   |x History --   |y Civil War, 1991-2002  
700 1 1 |a Zwick, Edward  
710 2 1 |a Warner Bros. Pictures  
999 |a 1100087670  |b Digital Video Disc  |c Bahan Sumber Media  |e BILIK BAHAN SUMBER MEDIA 
999 |a 1100087671  |b Digital Video Disc  |c Bahan Sumber Media  |e BILIK BAHAN SUMBER MEDIA